000 01142nam a22003377a 4500
003 CHAP
005 20220329133126.0
008 971013s1987 r 00010 d
010 _a2439
011 _a3411
035 _a2611
040 _cCHAP
090 _aFolleto 13377
100 0 0 _aAlexander, John D.
_93820
245 _aNitrogen-loss potential ratings for Illinois soils
260 _aUrbana :
_bUniversity of Illinois. Agricultural Experiment Station,
_c1987
300 _a83 p.
_e+ 1 mapa
490 _aUniversity of Illinois bulletin
_v; 784
590 _aBATCH-UPD
_b10
_c20130110
_lUCH01
_h0041
590 _aBATCH-UPD
_b10
_c20130110
_lUCH01
_h2133
590 _aBATCH-UPD
_b10
_c20130409
_lUCH01
_h2026
590 _aBATCH-UPD
_b10
_c20130410
_lUCH01
_h1442
590 _aBATCH-UPD
_b10
_c20130914
_lUCH01
_h0015
590 _aCONVERSION
_b10
_c20130109
_lUCH01
_h1303
650 1 4 _aSuelos
_xClasificación
_xIllinois.
_9110253
650 1 4 _aSuelos
_xNitrógeno en.
_9110451
830 0 _aUniversity of Illinois bulletin
_v; 784
_9116727
901 _aBK
942 _cFOLL
949 _aFolleto 13377
_bBC
_cFOLL
_d-12117
_eTS1
_i2611
_mD
_si
999 _c2439
_d2439